| 000 | 00506 a2200193 4500 | ||
|---|---|---|---|
| 005 | 20260417121807.0 | ||
| 008 | 260417b |||||||| |||| 00| 0 eng d | ||
| 020 |
_a9789392586187 _cRs. 1295.00 |
||
| 040 | _aMAIN | ||
| 082 |
_a658.4092 _bR18S |
||
| 100 | _aRao, M S | ||
| 245 | _aSpiritual leadership: Stop existing and start living | ||
| 260 |
_bAadi Publications _c2023 _aJaipur |
||
| 300 | _a174 | ||
| 650 | _aManagement | ||
| 650 | _aExecutive Management | ||
| 650 | _aLeadership | ||
| 942 | _cBK | ||
| 999 |
_c396910 _d396910 |
||